Gaming Quiz

Random Gaming Quiz

Splatoon weapons Quiz Stats

 Plays Quiz not verified by Sporcle

Support Sporcle.
Go Orange.
Score 0/87 Timer 20:00
0 Plays Today
Hint Answer % Correct
shootersplattershot
94.2%
shootersplattershot jr
92.3%
rollersplat roller
84.6%
shootercustom splattershot jr
82.7%
blasterblaster
78.8%
brushinkbrush
76.9%
brushoctobrush
76.9%
shootersplattershot pro
75%
blasterrange blaster
75%
blasterluna blaster
75%
chargersplat charger
75%
shooterwasabi splattershot
73.1%
slosherslosher
73.1%
splatlingheavy splatling
73.1%
shootertentatek splattershot
71.2%
shootersplash o matic
71.2%
shootersploosh o matic
71.2%
rollerdynamo roller
71.2%
rollercarbon roller
71.2%
sloshertri-slosher
71.2%
blastercustom blaster
69.2%
blasterrapid blaster
69.2%
splatlingmini splatling
69.2%
shooterhero shot replica
67.3%
blastercustom range blaster
67.3%
shooteraerospray mg
65.4%
chargersplatterscope
65.4%
chargere-liter 3k
65.4%
rollerkrak-on splat roller
65.4%
Hint Answer % Correct
shooteraerospray rg
63.5%
rollercarbon roller deco
63.5%
sloshersloshing machine
63.5%
splatlinghydra splatling
63.5%
shooteroctoshot replica
61.5%
shooterberry splattershot pro
61.5%
shooteraerospray pg
61.5%
blasterrapid blaster deco
61.5%
blasterrapid blaster pro
61.5%
blasterluna blaster neo
61.5%
splatlingzink mini splatling
61.5%
shooter'n zap 85
59.6%
shooter'n zap 89
59.6%
shooter'n zap 83
59.6%
shooterneo splash o matic
59.6%
shooter.96 gal
59.6%
blastergrim range blaster
59.6%
chargere-liter 3k scope
59.6%
rollergold dynamo roller
59.6%
brushinkbrush nouveau
59.6%
brushoctobrush nouveau
59.6%
slosherslosher deco
59.6%
shooterl-3 nozzlenose
57.7%
shooterh-3 nozzlenose
57.7%
shooterneo sploosh o matic
57.7%
shooter.52 gal
57.7%
blasterrapid blaster pro deco
57.7%
chargerhero charger replica
57.7%
chargernew squiffer
57.7%
Hint Answer % Correct
rollertempered dynamo roller
57.7%
shootercherry h-3 nozzlenose
55.8%
shootersploosh o matic 7
55.8%
shooter.52 gal deco
55.8%
shooter.96 gal deco
55.8%
chargercustom e-liter 3k
55.8%
rollerhero roller replica
55.8%
rollercorocoro splat roller
55.8%
sloshersoda slosher
55.8%
shooterforge splattershot pro
53.8%
chargerkelp splat charger
53.8%
chargerkelp splatterscope
53.8%
chargerclassic squiffer
53.8%
brushpermanent inkbrush
53.8%
chargercustom e-liter 3k scope
51.9%
splatlingheavy splatling deco
51.9%
splatlingcustom hydra splatling
51.9%
shooterl-3 nozzlenose d
50%
shooterh-3 nozzlenose d
50%
chargerbento splat charger
48.1%
chargerfresh squiffer
48.1%
sloshertri-slosher nouveau
48.1%
sloshersloshing machine neo
48.1%
chargerbamboozler 14 mk I
46.2%
chargerbento splatterscope
44.2%
splatlingheavy splatling remix
42.3%
splatlingrefurbished mini splatling
42.3%
chargerbamboozler 14 mk Il
9.6%
chargerbamboozler 14 mk Ill
7.7%

You're not logged in!

Compare scores with friends on all Sporcle quizzes.
OR
Log In

From the Vault

Parodied Movies

by Cutthroat

Imitation is the sincerest form of flattery, and it's a great way to think of movie ideas.
Remove Ads.
Support Sporcle.
Get the best of Sporcle when you Go Orange. This ad-free experience offers more features, more stats, and more fun while also helping to support Sporcle. Thank you for becoming a member.

Show Comments

Extras

Created Jan 26, 2017ReportNominate

Top Quizzes Today


Score Distribution

Your Account Isn't Verified!

In order to create a playlist on Sporcle, you need to verify the email address you used during registration. Go to your Sporcle Settings to finish the process.

Report this User

Report this user for behavior that violates our Community Guidelines.

Details: